000 00606nam a22001577a 4500
008 210626b xxu||||| |||| 00| 0 eng d
020 _a0387329048
050 _aHV6432
_b.S73 2006
245 _aStatistical Methods in Counterterrorism
_bGame Theory, Modeling Syndromic Surveillance, and Biometric Identification
_cEdited by Alyson G. Wilson, Gregory D. Wilson & David H. Olwell
260 _aNew York
_bSpringer
_c2006
300 _axii, 293p.
650 _aTerrorism
_zUnited States
650 _aBimetric Identification
650 _aBehavioral Assessment
_vStatistical Methods
942 _2lcc
_cBK
999 _c19002
_d19002